Logo BPK

Biblioteka

Politechniki Koszalińskiej

Proceedings of the 8th IEEE International Confernce Methods and models in automation and robotics (Rekord nr 24033)

Szczegóły MARC
000 -ETYKIETA REKORDU
podpole kontrolne o stałej długości 01113nam a2200277 i 4500
001 - NUMER KONTROLNY REKORDU
pole kontrolne bg
020 ## - MIĘDZYNARODOWY ZNORMALIZOWANY NUMER KSIĄŻKI - ISBN
ISBN 88764667 (CD)
040 ## - ŹRÓDŁO KATALOGOWANIA
Instytucja, która utworzyła rekord BPK
041 0# - KOD JĘZYKA
Kod języka tekstu eng
080 ## - UNIWERSALNA KLASYFIKACJA DZIESIĘTNA - UKD
UKD 681.5:62-52:007.5:004(06)
920 ## - Międzynarodowy znormalizowany numer książki – ISBN
ISBN 88764-66-7 (CD)
008 - POLE O STAŁEJ DŁUGOŚCI - DANE KONTROLNE
podpole kontrolne o stałej długości s pl f |000 0 pol
111 2# - NAZWA IMPREZY
Nazwa imprezy IEEE International Conference on Methods and Models in Automation and Robotics
Oznaczenie części/sekcji/imprezy (8 ;
Data imprezy 2002 ;
Miejsce imprezy Szczecin).
245 10 - TYTUŁ/ODPOWIEDZIALNOŚĆ
Tytuł Proceedings of the 8th IEEE International Confernce Methods and models in automation and robotics
Typ dokumentu [Dokument elektroniczny] :
Ciąg dalszy tytułu MMAR 2002 : 2-5 September 2002 Szczecin, Poland /
Pozostałe elementy strefy tytułu i oznaczenia odpowiedzialności Institute of Control Engineering, Technical University of Szczecin, Poland.
246 30 - WARIANT TYTUŁU
Tytuł Methods and models in automation and robotics
246 31 - WARIANT TYTUŁU
Tytuł MMAR 2002
260 ## - STREFA ADRESU WYDAWNICZEGO
Miejsce wydania Szczecin :
Nazwa wydawcy/dystrybutora Wydawnictwo Uczelniane Politechniki Szczecińskiej,
Data publikacji, dystrybucji/powstania dokumentu 2002.
300 ## - STREFA OPISU FIZYCZNEGO
Objętość 1 dysk optyczny (CD ROM).
650 #9 - HASŁO PRZEDMIOTOWE W FORMIE NAZWY OGÓLNEJ LUB JEDNOSTKOWEJ
Nazwa ogólna lub geograficzna Automatyka
Określnik ogólny zagadnienia
650 #9 - HASŁO PRZEDMIOTOWE W FORMIE NAZWY OGÓLNEJ LUB JEDNOSTKOWEJ
Nazwa ogólna lub geograficzna Sterowanie
Określnik ogólny teoria
650 #9 - HASŁO PRZEDMIOTOWE W FORMIE NAZWY OGÓLNEJ LUB JEDNOSTKOWEJ
Nazwa ogólna lub geograficzna Roboty i manipulatory
650 #4 - HASŁO PRZEDMIOTOWE W FORMIE NAZWY OGÓLNEJ LUB JEDNOSTKOWEJ
Nazwa ogólna lub geograficzna CD ROM
655 ## - TERMIN INDEKSOWY - OKREŚLENIE RODZAJU/FORMY DOKUMENTU
Określenie rodzaju/formy dokumentu Materiały konferencyjne
710 #0 - HASŁO DODATKOWE - NAZWA CIAŁA ZBIOROWEGO
Nazwa ciała zbiorowego lub jednostki geograficznej Politechnika Szczecińska
856 ## - LOKALIZACJA I DOSTĘP DO ELEKTRONICZNYCH DOKUMENTÓW ZDALNYCH
Link (URL) http://koha.tu.koszalin.pl/cgi-bin/koha/opac-detail.pl?biblionumber=24033
Tekst linku Katalog online BPK
942 ## - DODATKOWE ELEMENTY (KOHA)
Typ dokumentu Płyta CD
Egzemplarze
Wycofany Status egzemplarza Uszkodzony Dostępność Lokalizacja stała Lokalizacja bieżąca Miejsce przechowywania Sygnatura Kod kreskowy Dział Typ dokumentu
      Tylko na miejscu Biblioteka Politechniki Koszalińskiej Biblioteka Politechniki Koszalińskiej Czytelnia BG CD 1211 02176222 0/9(0.034.2) Dokumenty elektroniczne Płyta CD
© 2023 Biblioteka Politechniki Koszalińskiej :: KOHA